000 00324nam a2200133Ia 4500
008 260604s9999 xx 000 0 und d
020 _a9781858988238
082 _a320.6 CAS
100 _aFrancis g. castles
_935826
245 0 _aComparative Public Policy
260 _bEDWARD ELGAR
500 _aPublic Policy
942 _cBK
999 _c8659
_d8659